Т. 8, № 4; Актуальные вопросы биологической физики и химии

מידע ביבליוגרפי
Parent link:Актуальные вопросы биологической физики и химии/ Севастопольский государственный университет. Т. 8, № 4.— .— Севастополь: Изд-во СевГУ, 2016-.— 2499-9962
סיכום:Текстовый файл
שפה:רוסית
יצא לאור: 2023
גישה מקוונת:https://elibrary.ru/contents.asp?id=67350704
פורמט: MixedMaterials אלקטרוני ספר
KOHA link:https://koha.lib.tpu.ru/cgi-bin/koha/opac-detail.pl?biblionumber=680297

MARC

LEADER 00000nam2a2200000 4500
001 680297
005 20250521093331.0
090 |a 680297 
100 |a 20250521d2023 k||y0rusy50 ca 
101 0 |a rus 
102 |a RU 
105 |a | z| |||1y| 
135 |a drcn ---uucaa 
181 0 |a i   |b  e  
182 0 |a b 
183 0 |a cr  |2 RDAcarrier 
200 0 |a Т. 8, № 4 
203 |a Текст  |c электронный  |b визуальный 
210 |d 2023 
283 |a online_resource  |2 RDAcarrier 
320 |a Библиография в конце статей 
336 |a Текстовый файл 
461 1 |0 580871  |9 580871  |t Актуальные вопросы биологической физики и химии  |f Севастопольский государственный университет  |c Севастополь  |n Изд-во СевГУ  |d 2016-  |x 2499-9962  |v Т. 8, № 4 
801 0 |a RU  |b 63413507  |c 20250521  |g PSBO 
850 |a 63413507 
856 4 0 |u https://elibrary.ru/contents.asp?id=67350704  |z https://elibrary.ru/contents.asp?id=67350704 
942 |c CF